[Event "3.Nord-West-Cup"]
[Site "?"]
[Date "2001.02.04"]
[Round "7"]
[White "Zschischang, Gunnar"]
[Black "Welz, Peter"]
[Result "1-0"]
[WhiteElo "2237"]
[BlackElo "2192"]
[PlyCount "99"]

1. Nc3 d5 2. e4 d4 3. Nce2 c5 4. Ng3 Nc6 5. Bb5 Bd7 6. Nf3 a6 7. Bxc6 Bxc6 8.
Ne5 Bxe4 9. Nxe4 Qd5 10. Qf3 Qxe5 11. O-O O-O-O 12. d3 f6 13. b4 cxb4 14. a3 e6
15. axb4 Qd5 16. Ra5 Qc6 17. b5 axb5 18. Bd2 h6 19. c3 f5 20. cxd4 Kd7 21. Rc1
Qd5 22. Nc5+ Bxc5 23. Qxd5+ exd5 24. Rxc5 Nf6 25. Raxb5 b6 26. Rxb6 Rb8 27.
Rcb5 Rxb6 28. Rxb6 Ra8 29. Kf1 Ra7 30. h3 Ke8 31. Bf4 Kf7 32. Be5 Ne8 33. Rc6
h5 34. h4 Ra1+ 35. Ke2 Rh1 36. g3 Rb1 37. Ke3 Rb7 38. Kf4 g6 39. Kg5 Rb3 40.
Rxg6 Rxd3 41. Kxf5 Rf3+ 42. Kg5 Rxf2 43. Kxh5 Rd2 44. Kg5 Rd1 45. h5 Rh1 46.
Rb6 Rh3 47. g4 Rh1 48. h6 Rh3 49. Rb7+ Kg8 50. Kg6 1-0

[Event "3.Nord-West-Cup"]
[Site "?"]
[Date "2001.02.04"]
[Round "7"]
[White "Schenk, Uwe"]
[Black "Schmidt, Harald"]
[Result "0-1"]
[WhiteElo "2148"]
[BlackElo "2227"]
[PlyCount "82"]

1. d4 Nf6 2. c4 c5 3. d5 b5 4. cxb5 e6 5. Nc3 exd5 6. Nxd5 Bb7 7. e4 Nxe4 8.
Bc4 Be7 9. Nf3 Nd6 10. Be2 O-O 11. O-O Ne8 12. Bf4 d6 13. a4 Nd7 14. a5 Bxd5
15. Qxd5 Ndf6 16. Qd2 d5 17. Rfd1 Nd6 18. Ne5 Nde4 19. Qc2 g5 20. Nc6 Qd7 21.
Be5 Bd6 22. Bxd6 Nxd6 23. Qxc5 g4 24. Qd4 Qe6 25. Re1 Rfe8 26. Bf1 Nfe4 27.
Rad1 Qf5 28. Bd3 Re6 29. Rf1 Qh5 30. f3 g3 31. h3 Nf2 32. Rxf2 gxf2+ 33. Kxf2
Ne4+ 34. fxe4 Qxd1 35. exd5 Qe1+ 36. Kf3 Rg6 37. Ne7+ Qxe7 38. Bxg6 fxg6 39. d6
Rf8+ 40. Kg3 Qg5+ 41. Kh2 Qf4+ 0-1

[Event "3.Nord-West-Cup"]
[Site "?"]
[Date "2001.02.04"]
[Round "7"]
[White "Schmitz-Jordan, Juergen"]
[Black "Wippermann, Till"]
[Result "1/2-1/2"]
[WhiteElo "2001"]
[BlackElo "2306"]
[PlyCount "38"]

1. d4 g6 2. g3 Bg7 3. Bg2 c5 4. Nf3 cxd4 5. Nxd4 Nc6 6. Be3 Nf6 7. h3 O-O 8.
O-O d6 9. c4 Bd7 10. Nc3 Qc8 11. Nxc6 bxc6 12. Kh2 Rb8 13. b3 Qa6 14. Qd2 Rfe8
15. Rac1 Qa5 16. Rfd1 a6 17. c5 dxc5 18. Nd5 Qxd2 19. Nxf6+ Bxf6 1/2-1/2

[Event "3.Nord-West-Cup"]
[Site "?"]
[Date "2001.02.04"]
[Round "7"]
[White "Issel, Oliver"]
[Black "Polenz, Fredrik"]
[Result "1-0"]
[WhiteElo "2236"]
[BlackElo "1946"]
[PlyCount "57"]

1. d4 f5 2. Nf3 Nf6 3. g3 g6 4. Bg2 Bg7 5. O-O O-O 6. c4 Na6 7. Nc3 c5 8. d5 d6
9. Bg5 Nc7 10. Qd2 Rb8 11. a4 a6 12. Bh6 b5 13. Bxg7 Kxg7 14. axb5 axb5 15.
cxb5 Nxb5 16. Rfb1 Qb6 17. Qe3 Nxc3 18. Qxc3 h6 19. Nd2 e5 20. dxe6 Bxe6 21.
Nc4 Bxc4 22. Qxc4 Rf7 23. Ra6 Qc7 24. Qc3 Re7 25. Rc6 Qd7 26. Rd1 Re6 27. Rxc5
Re7 28. Rc6 Qe6 29. Rdxd6 1-0

[Event "3.Nord-West-Cup"]
[Site "?"]
[Date "2001.02.04"]
[Round "7"]
[White "Da Costa, Martin"]
[Black "Kiese, Matthias"]
[Result "1/2-1/2"]
[WhiteElo "1994"]
[BlackElo "2199"]
[PlyCount "52"]

1. Nf3 Nf6 2. g3 d5 3. Bg2 Bf5 4. c4 c6 5. O-O e6 6. d3 Be7 7. Be3 dxc4 8. dxc4
Qxd1 9. Rxd1 Nbd7 10. Nc3 Ng4 11. Bd2 Bc5 12. Be1 O-O-O 13. Nd4 Nde5 14. Nxf5
exf5 15. h3 Nf6 16. b3 Rxd1 17. Rxd1 Rd8 18. Kf1 Rxd1 19. Nxd1 Bd4 20. e3 Ba1
21. Ke2 Kd7 22. Nc3 Kd6 23. Kd2 g6 24. Kc2 Bxc3 25. Bxc3 Ne4 26. Be1 h5 1/2-1/2

[Event "3.Nord-West-Cup"]
[Site "?"]
[Date "2001.02.04"]
[Round "7"]
[White "Wiertzema, Michael"]
[Black "Kyeck, Christopher"]
[Result "1/2-1/2"]
[WhiteElo "2187"]
[BlackElo "1911"]
[PlyCount "48"]

1. Nf3 d5 2. g3 Nf6 3. Bg2 Nc6 4. c4 e6 5. b3 Be7 6. Bb2 d4 7. d3 O-O 8. O-O
Re8 9. Na3 e5 10. Nc2 a5 11. a3 Bg4 12. h3 Bf5 13. Qd2 h6 14. b4 Qd6 15. c5 Qe6
16. g4 Bh7 17. e3 dxe3 18. fxe3 Rad8 19. d4 axb4 20. Nxb4 Nxb4 21. Qxb4 e4 22.
Nd2 Nd5 23. Qb3 Bg5 24. Rfe1 f5 1/2-1/2

[Event "3.Nord-West-Cup"]
[Site "?"]
[Date "2001.02.04"]
[Round "7"]
[White "Tschetschelnizki, Boris"]
[Black "Fuhrmann, Dirk"]
[Result "1/2-1/2"]
[WhiteElo "2254"]
[BlackElo "2144"]
[PlyCount "48"]

1. Nf3 Nf6 2. d4 d5 3. Bf4 c6 4. e3 Bg4 5. c4 Nbd7 6. Nc3 e6 7. h3 Bh5 8. Be2
dxc4 9. Bxc4 Be7 10. O-O O-O 11. Be2 b5 12. Rc1 a6 13. Ne5 Bxe2 14. Qxe2 Nxe5
15. Bxe5 Nd7 16. Bg3 c5 17. Rfd1 Qb6 18. d5 Rfd8 19. dxe6 Qxe6 20. Nd5 Rac8 21.
Nxe7+ Qxe7 22. Bd6 Qf6 23. b3 Rc6 24. Bf4 Nf8 1/2-1/2

[Event "3.Nord-West-Cup"]
[Site "?"]
[Date "2001.02.04"]
[Round "7"]
[White "Schneider, Ilja"]
[Black "Pericic, Boris"]
[Result "1-0"]
[WhiteElo "2132"]
[BlackElo "1866"]
[PlyCount "105"]

1. e4 c5 2. c3 Qa5 3. Nf3 Nc6 4. Be2 d6 5. O-O Nf6 6. d3 Bg4 7. Be3 e6 8. Nbd2
Be7 9. h3 Bh5 10. d4 Qc7 11. Rc1 Bg6 12. Bf4 e5 13. Bh2 Nxe4 14. dxe5 dxe5 15.
Nxe5 Nxe5 16. Qa4+ Kf8 17. Nxe4 Qc6 18. Qxc6 Nxc6 19. Nd6 Bxd6 20. Bxd6+ Kg8
21. Bxc5 h6 22. Rcd1 Kh7 23. Rd7 b6 24. Be3 Rhd8 25. Rfd1 Rxd7 26. Rxd7 Ne5 27.
Re7 Nc6 28. Rc7 Ne5 29. Bd4 f6 30. f4 Nd3 31. Bxf6 Rg8 32. Rxa7 Nxb2 33. Bd4
Nd3 34. g4 Nxf4 35. Bc4 Nxh3+ 36. Kh2 Nf4 37. Bxg8+ Kxg8 38. Rxg7+ Kf8 39. Kg3
Ne2+ 40. Kf2 Bd3 41. Rb7 b5 42. Ke3 Bc4 43. a4 Nxc3 44. Bxc3 bxa4 45. Bg7+ Kg8
46. Bxh6 a3 47. Ra7 a2 48. Kd4 Be6 49. g5 Bf7 50. Ke5 Kh8 51. Kf6 Bg8 52. Bg7+
Kh7 53. g6# 1-0

[Event "3.Nord-West-Cup"]
[Site "?"]
[Date "2001.02.04"]
[Round "7"]
[White "Rau, Uwe"]
[Black "Eickhoff, Hermann"]
[Result "0-1"]
[WhiteElo "2190"]
[BlackElo "2094"]
[PlyCount "110"]

1. e4 c5 2. Nf3 d6 3. d4 cxd4 4. Nxd4 Nf6 5. Nc3 e6 6. Be3 a6 7. a4 Be7 8. a5
Bd7 9. Be2 O-O 10. O-O Nc6 11. Nb3 Qb8 12. f4 Be8 13. Bf3 Nd7 14. Qd2 f6 15.
Rfd1 Bf7 16. Qf2 Bd8 17. Ne2 Bc7 18. Ned4 e5 19. Nf5 exf4 20. Bxf4 Nde5 21. Qg3
Bg6 22. Be2 Bxf5 23. exf5 Qe8 24. c3 Kh8 25. Kh1 g5 26. fxg6 Nxg6 27. Bh5 Nce5
28. Nd4 Qd7 29. Bh6 Rg8 30. Qf2 Bd8 31. h3 Nf7 32. Bg4 Qe8 33. Re1 Nge5 34. Bh5
Qd7 35. Bxf7 Qxf7 36. Qf5 Qg6 37. Qxg6 hxg6 38. Bf4 Re8 39. b3 Rc8 40. c4 Kg7
41. Bd2 Kf7 42. g4 Bc7 43. Kg2 Nd3 44. Rf1 Re4 45. Bc3 Rce8 46. Rad1 Nf4+ 47.
Kh1 Rh8 48. Rf3 Rxh3+ 49. Rxh3 Nxh3 50. Kg2 Ng5 51. Rh1 Rxg4+ 52. Kf2 Bxa5 53.
Bxa5 Rxd4 54. Ke3 Re4+ 55. Kd3 f5 0-1

[Event "3.Nord-West-Cup"]
[Site "?"]
[Date "2001.02.04"]
[Round "7"]
[White "Spittel, Olaf"]
[Black "Gudat, Alfons"]
[Result "1-0"]
[WhiteElo "1815"]
[BlackElo "2072"]
[PlyCount "65"]

1. Nf3 Nf6 2. c4 e6 3. g3 b6 4. Bg2 Bb7 5. O-O Be7 6. d4 O-O 7. Nc3 Ne4 8. Qc2
Nxc3 9. bxc3 f5 10. a4 a5 11. Rb1 Be4 12. Qb3 Bxb1 13. Qxb1 Ra7 14. e4 d6 15.
Re1 Nd7 16. Qd3 g6 17. Bh6 Rf7 18. Qe3 Nf8 19. exf5 exf5 20. Ng5 Bxg5 21. Bxg5
Qd7 22. Bd5 c6 23. Bxf7+ Qxf7 24. Bh6 Ra8 25. Qe7 Qxe7 26. Rxe7 b5 27. cxb5
cxb5 28. axb5 a4 29. b6 a3 30. Rg7+ Kh8 31. Ra7 Rb8 32. Bxf8 Rxf8 33. b7 1-0

[Event "3.Nord-West-Cup"]
[Site "?"]
[Date "2001.02.04"]
[Round "7"]
[White "Walter, Stefan"]
[Black "Wahrenberg, Ralf"]
[Result "1/2-1/2"]
[WhiteElo "1758"]
[BlackElo "2066"]
[PlyCount "88"]

1. d4 Nf6 2. c4 g6 3. Nc3 d5 4. Nf3 Bg7 5. Qb3 dxc4 6. Qxc4 Nbd7 7. e4 Nb6 8.
Qb3 c6 9. Be2 Be6 10. Qc2 h6 11. h3 O-O 12. Be3 Nc4 13. Bxc4 Bxc4 14. O-O-O Qa5
15. Ne5 Bxa2 16. b3 Qa3+ 17. Qb2 Qxb3 18. Nxa2 Qxb2+ 19. Kxb2 Nxe4 20. Kb3 Rfd8
21. Nc4 a5 22. Nb6 Ra6 23. Na4 b6 24. Rhe1 g5 25. Nc1 Rd5 26. Ne2 Rb5+ 27. Ka2
Rb4 28. Nb2 a4 29. f3 Nd6 30. Bd2 Rb3 31. Nc1 Rb5 32. Bc3 e6 33. Nbd3 Ra7 34.
Re2 Nf5 35. Ne5 Rc7 36. Ba1 Rd5 37. Rd3 b5 38. Bc3 Bf8 39. Rb2 Be7 40. Ng4 Rcd7
41. Ne3 Nxe3 42. Rxe3 Bf6 43. Ne2 Rb7 44. Ka3 Kh7 1/2-1/2

[Event "3.Nord-West-Cup"]
[Site "?"]
[Date "2001.02.04"]
[Round "7"]
[White "Martschausky, Thomas"]
[Black "Mader, Sascha"]
[Result "1-0"]
[WhiteElo "2220"]
[BlackElo "1910"]
[PlyCount "107"]

1. e4 b6 2. d4 e6 3. Nf3 Bb7 4. Bd3 Be7 5. O-O Nf6 6. Qe2 d5 7. Nbd2 dxe4 8.
Nxe4 Nbd7 9. c3 Nxe4 10. Bxe4 Bxe4 11. Qxe4 O-O 12. Bf4 c5 13. Rad1 Nf6 14. Qe2
Qd5 15. c4 Qf5 16. Qe5 Qc2 17. b3 cxd4 18. Rd2 Qc3 19. Qxd4 Qxd4 20. Nxd4 Bc5
21. Be3 Ng4 22. Nc2 Nxe3 23. fxe3 Rad8 24. Rfd1 Be7 25. Rd7 f5 26. Rxd8 Rxd8
27. Rxd8+ Bxd8 28. Nd4 Kf7 29. Nc6 Bg5 30. Kf2 a5 31. c5 bxc5 32. Nxa5 Ke8 33.
Ke2 Kd7 34. Kd3 Kc7 35. e4 Bf4 36. g3 Bd6 37. Nc4 Be7 38. exf5 exf5 39. Ne3 g6
40. Nd5+ Kd6 41. Nxe7 Kxe7 42. Kc4 Kd6 43. b4 cxb4 44. Kxb4 g5 45. Kc4 h5 46.
Kd4 f4 47. gxf4 g4 48. Ke3 h4 49. Kf2 Ke6 50. a4 Kf5 51. a5 Kxf4 52. a6 g3+ 53.
hxg3+ hxg3+ 54. Kg2 1-0

[Event "3.Nord-West-Cup"]
[Site "?"]
[Date "2001.02.04"]
[Round "7"]
[White "Maschler, Andreas"]
[Black "Krause, Thomas"]
[Result "1/2-1/2"]
[WhiteElo "1910"]
[BlackElo "2184"]
[PlyCount "34"]

1. d4 d5 2. c4 c6 3. Nf3 Nf6 4. cxd5 cxd5 5. Nc3 Nc6 6. Bf4 e6 7. e3 a6 8. a3
Be7 9. Bd3 O-O 10. O-O Bd7 11. Rc1 Rc8 12. Bb1 Na5 13. Ne5 Nc4 14. Qc2 g6 15.
Nxc4 Rxc4 16. Qe2 Qc8 17. Bd3 Rc6 1/2-1/2

[Event "3.Nord-West-Cup"]
[Site "?"]
[Date "2001.02.04"]
[Round "7"]
[White "Bauland, Thomas"]
[Black "Paust, Wolf-Dieter"]
[Result "0-1"]
[WhiteElo "1830"]
[BlackElo "2124"]
[PlyCount "80"]

1. Nc3 d5 2. e4 d4 3. Nce2 Nc6 4. Ng3 Nf6 5. Nf3 h5 6. h4 Bg4 7. Bb5 e6 8. a3
Nd7 9. Be2 Bxf3 10. Bxf3 d3 11. Nxh5 dxc2 12. Qxc2 Nd4 13. Qc3 Ne5 14. Bd1 g6
15. Ng3 Bg7 16. Kf1 Qd7 17. Ne2 Nec6 18. Nxd4 Bxd4 19. Qc4 Ne5 20. Qa4 c6 21.
Be2 Bb6 22. Qc2 O-O-O 23. d3 Nxd3 24. Bxd3 Qxd3+ 25. Qxd3 Rxd3 26. Bg5 Bd4 27.
Rb1 f6 28. Ke2 Rb3 29. Bc1 f5 30. exf5 exf5 31. f3 Re8+ 32. Kd1 a5 33. Re1 Rd3+
34. Kc2 Rxe1 35. Kxd3 Bxb2 36. Rxb2 Rxc1 37. Ke3 Rc4 38. g3 b5 39. Kd3 Kc7 40.
a4 Rxa4 0-1

[Event "3.Nord-West-Cup"]
[Site "?"]
[Date "2001.02.04"]
[Round "7"]
[White "Kerski, Bjoern-Ole"]
[Black "Neurohr, Juergen"]
[Result "0-1"]
[WhiteElo "1827"]
[BlackElo "2085"]
[PlyCount "56"]

1. d4 Nf6 2. c4 g6 3. Nc3 Bg7 4. e4 d6 5. Be2 O-O 6. Bg5 Na6 7. Qd2 e5 8. d5
Nc5 9. f3 a5 10. h4 c6 11. O-O-O cxd5 12. Nxd5 Ne6 13. Bxf6 Bxf6 14. Nxf6+ Qxf6
15. Qxd6 Rd8 16. Qa3 Qf4+ 17. Kb1 Rxd1+ 18. Bxd1 Qg3 19. Ne2 Qxg2 20. Rg1 Qh2
21. Qd6 Nd4 22. Nxd4 Qxg1 23. Qd8+ Kg7 24. Ne2 Qc5 25. Nc3 Ra6 26. Nb5 Rc6 27.
b3 b6 28. Kc2 Qxb5 0-1